000 01025nas a2200361 4500
001 BR0303028
003 BR-BrBNA
005 20231205103901.0
007 ta
008 230509b bl.|||p| |||| 00| 00por d
040 _aBR-BrBNA
_bpor
_cBiblioteca Nacional de Agricultura
041 _a(Pt)
072 _aL01; L52
100 1 _aMendonça, G. de
100 1 _aOsório, J.C.
100 1 _aOliveira, N.M.
100 1 _aOsório, M.T.
100 1 _aEsteves, R.
100 1 _aWiengard, M.M.
245 1 _aMorfologia, características da carcaça e componentes do peso vivo em borregos Corriedale e Ideal
650 _aOVELHA
650 _aRAÇA
650 _aANÁLISE COMPARATIVA
650 _aMORFOLOGIA ANIMAL
650 _aCARCAÇA
650 _aPESAGEM
650 _aCARNE
650 _aCUSTO-BENEFÍCIO
650 _aPESO
773 0 _tCiência Rural (Brazil)
_xISSN 0103-8478
_g(Mar-Apr 2003), v. 33(2) p. 351-355
_wBR0303028
909 _a202311
_bLúcia
_c55
_dLúcia Elande
942 _2AGRIS
_n0
_cANA
999 _c175248
_d175248